Kala cinta bernyanyi

Bibliographic Details
Main Author: Fizziany , 1981
Format: Book
Published: Selangor : Firdaus Press , 2021
Subjects:

MARC

LEADER 00000cam a2200000 7i4500
001 0000089887
005 20230125125147.0
008 220829
020 |a 9789672970026 
041 |a Malay 
090 0 0 |a FIZ   |b MAL 
100 0 |a Fizziany ,   |d 1981 
245 0 0 |a Kala cinta bernyanyi   |c Fizziany 
260 |a Selangor :   |b Firdaus Press ,   |c 2021 
300 |a 511 p. ;   |c 18.5 cm. 
541 |c Purchase on 2022   |f E220106 ABR   |h RM35.00 
650 0 |a Malay fiction 
650 0 |a Malaysian fiction(Malay) 
730 0 |a Judul 
999 |a 0001686874   |b Book   |c Adult Collection   |e Perbadanan Perpustakaan Awam Johor 
999 |a 0001686876   |b Book   |c Adult Collection   |e Cawangan Urban Transformation Centre 
999 |a 0001686878   |b Book   |c Adult Collection   |e Cawangan AEON Kulaijaya 
999 |a 0001686879   |b Book   |c Adult Collection   |e Desa - PPAJ 
999 |a 0001686880   |b Book   |c Adult Collection   |e Desa - PPAJ 
999 |a 0001686881   |b Book   |c Adult Collection   |e Desa - PPAJ 
999 |a 0001686882   |b Book   |c Adult Collection   |e Desa - PPAJ 
999 |a 0001686883   |b Book   |c Adult Collection   |e Desa - PPAJ 
999 |a 0001686884   |b Book   |c Adult Collection   |e Desa - PPAJ 
999 |a 0001686886   |b Book   |c Adult Collection   |e Desa - PPAJ 
999 |a 0001686887   |b Book   |c Adult Collection   |e Desa - PPAJ 
999 |a 0001686888   |b Book   |c Adult Collection   |e Desa - PPAJ 
999 |a 0001686889   |b Book   |c Adult Collection   |e Desa - PPAJ 
999 |a 0001686892   |b Book   |c Adult Collection   |e Desa - PPAJ 
999 |a 0001686893   |b Book   |c Adult Collection   |e Desa - PPAJ 
999 |a 0001686894   |b Book   |c Adult Collection   |e Desa - PPAJ 
999 |a 0001686895   |b Book   |c Adult Collection   |e Desa - PPAJ 
999 |a 0001686896   |b Book   |c Adult Collection   |e Desa - PPAJ 
999 |a 0001686897   |b Book   |c Adult Collection   |e Desa - PPAJ 
999 |a 0001686898   |b Book   |c Adult Collection   |e Desa - PPAJ 
999 |a 0001686899   |b Book   |c Adult Collection   |e Desa - PPAJ 
999 |a 0001686900   |b Book   |c Adult Collection   |e Desa - PPAJ 
999 |a 0001686901   |b Book   |c Adult Collection   |e Desa - PPAJ 
999 |a 0001686919   |b Book   |c Adult Collection   |e Perbadanan Perpustakaan Awam Johor 
999 |a 0001686920   |b Book   |c Adult Collection   |e Cawangan Taman Universiti 
999 |a 0001686922   |b Book   |c Adult Collection   |e Cawangan Taman Universiti 
999 |a 0001686924   |b Book   |c Adult Collection   |e Cawangan Segamat 
999 |a 0001686926   |b Book   |c Adult Collection   |e Cawangan Pontian 
999 |a 0001686929   |b Book   |c Adult Collection   |e Cawangan Tangkak 
999 |a 0001686931   |b Book   |c Adult Collection   |e Cawangan Muar 
999 |a 0001686932   |b Book   |c Adult Collection   |e Cawangan Mersing 
999 |a 0001686933   |b Book   |c Adult Collection   |e Cawangan Tmn. Ungku Tun Aminah 
999 |a 0001686935   |b Book   |c Adult Collection   |e Cawangan Batu Pahat 
999 |a 0001686937   |b Book   |c Adult Collection   |e Cawangan Taman Sri Lambak 
999 |a 0001686939   |b Book   |c Adult Collection   |e Cawangan Bukit Gambir 
999 |a 0001686941   |b Book   |c Adult Collection   |e Cawangan Kota Tinggi 
999 |a 0001686943   |b Book   |c Adult Collection   |e Cawangan Bandar Penawar 
999 |a 0001686946   |b Book   |c Adult Collection   |e Cawangan Bandar Tenggara 
999 |a 0001686962   |b Book   |c Adult Collection   |e Desa - PPAJ 
999 |a 0001686963   |b Book   |c Adult Collection   |e Desa - PPAJ 
999 |a 0001686964   |b Book   |c Adult Collection   |e Desa - PPAJ 
999 |a 0001686966   |b Book   |c Adult Collection   |e Desa - PPAJ 
999 |a 0001686967   |b Book   |c Adult Collection   |e Desa - PPAJ 
999 |a 0001686968   |b Book   |c Adult Collection   |e Desa - PPAJ 
999 |a 0001686969   |b Book   |c Adult Collection   |e Desa - PPAJ 
999 |a 0001686970   |b Book   |c Adult Collection   |e Desa - PPAJ 
999 |a 0001686971   |b Book   |c Adult Collection   |e Desa - PPAJ 
999 |a 0001686972   |b Book   |c Adult Collection   |e Desa - PPAJ 
999 |a 0001686973   |b Book   |c Adult Collection   |e Desa - PPAJ 
999 |a 0001686974   |b Book   |c Adult Collection   |e Desa - PPAJ 
999 |a 0001686975   |b Book   |c Adult Collection   |e Desa - PPAJ 
999 |a 0001686976   |b Book   |c Adult Collection   |e Desa - PPAJ 
999 |a 0001686977   |b Book   |c Adult Collection   |e Desa - PPAJ 
999 |a 0001686978   |b Book   |c Adult Collection   |e Desa - PPAJ 
999 |a 0001686979   |b Book   |c Adult Collection   |e Desa - PPAJ 
999 |a 0001686980   |b Book   |c Adult Collection   |e Desa - PPAJ 
999 |a 0001686981   |b Book   |c Adult Collection   |e Desa - PPAJ 
999 |a 0001686982   |b Book   |c Adult Collection   |e Desa - PPAJ 
999 |a 0001687023   |b Book   |c Adult Collection   |e Desa - PPAJ 
999 |a 0001687578   |b Book   |c Adult Collection   |e Perbadanan Perpustakaan Awam Johor